NCIS Characters - Statistics

General Stats
  • This quiz has been taken 307 times
    302 since last reset
  • The average score is 13 of 15
Answer Stats
Hint Answer % Correct
Replaced Kate Todd Ziva David
98%
Head medical examiner Donald "Ducky" Mallard
96%
Forensic Scientist Abby Sciuto
95%
Gibbs right hand man, second longest character Anthony "Tony" Dinozzo
95%
Main character and leader of the MCRT Leroy Jethro Gibbs
95%
First main character to be killed Caitlin "Kate" Todd
94%
Recruited to the MCRT in season 2 Timothy McGee
93%
Medical examiner assistent Jimmy Palmer
90%
Longest director on the show Leon Vance
87%
Replaced Ziva David Ellie Bishop
82%
F.B.I agent in multiple episodes Tobias Fornell
82%
Zivas father Eli David
78%
Gibbs father Jackson Gibbs
69%
Second director Jenny Shepard
65%
First Director Tom Morrow
47%
No matching quizzes found
Score Distribution
Percent of People with Each Score
Percentile by Number Answered
Your Score History
You have not taken this quiz since the last reset